| 000 | 00361nam a2200145Ia 4500 | ||
|---|---|---|---|
| 999 |
_c17684 _d17684 |
||
| 082 | _aRS.0468 | ||
| 100 | _aSeth, S.P. | ||
| 245 | 0 | _aPacific community and India | |
| 260 | _c1994 | ||
| 300 | _a159 | ||
| 650 | _aJAPAN - FOREIGN RELATIONS - UNITED STATES | ||
| 650 | _aPACIFIC AREA | ||
| 650 | _aINDIA - FOREIGN RELATIONS - PACIFIC STATES | ||
| 942 |
_cTH _2ddc |
||